000 00659nam a2200205 a 4500
001 000024774
005 20200930023348.0
008 110204s1994 dr r 000 p spa d
040 _aDO-SdBNP
_bspa
_cBNPHU
082 _aRD861.44
_bM516poe
245 0 3 _aLo mejor de la poesía amorosa dominicana.
260 _aSanto Domingo :
_bCultural de Santo Domingo,
_c1994.
300 _a104 p. ;
_c22 cm.
490 1 _aMiniantologías
590 _aInventariado, 2018/BT
650 4 _aPoesía dominicana
_vCOLECCIONES
_97120
650 4 _aLiteratura dominicana
_vCOLECCIONES
_97123
830 0 _aMiniantologías
_950854
910 _aValidado. Control de calidad. MFF
999 _c24267
_d24267